[Event "San Francisco TNM Spring op"]
[Site "San Francisco"]
[Date "2017.03.28"]
[Round "3"]
[White "Vickers, Keith"]
[Black "Kanis, Sierk"]
[Result "1-0"]
[WhiteElo "1960"]
[BlackElo "1897"]
[PlyCount "69"]
[EventDate "2017.03.14"]
[EventType "swiss"]
[EventRounds "8"]
[EventCountry "USA"]
[SourceTitle "EXT 2023"]
[Source "ChessBase"]
[SourceDate "2022.10.05"]
[SourceVersion "1"]
[SourceVersionDate "2022.10.05"]
[SourceQuality "1"]

1. d4 Nf6 2. Nf3 g6 3. Nc3 Bg7 4. e4 d6 5. Bd3 0-0 6. Bg5 Nbd7 7. e5 Ne8 8. exd6 cxd6 9. Qd2 Bh8 10. Bh6 Ng7 11. 0-0-0 a6 12. g4 b5 13. Rhg1 Bb7 14. Be4 Bxe4 15. Nxe4 Qc7 16. Kb1 Rfc8 17. h4 Nb6 18. h5 Nc4 19. Qd3 Ne8 20. hxg6 hxg6 21. Rh1 Nf6 22. Nxf6+ Bxf6 23. Ne1 e5 24. Qh3 exd4 25. g5 Bh8 26. Bf8 Kxf8 27. Qxh8+ Ke7 28. Qf6+ Kd7 29. Qxf7+ Kc6 30. Qxg6 Rg8 31. Qe4+ d5 32. Qxd4 Qe5 33. Rh6+ Kb7 34. Qxe5 Nxe5 35. f4 1-0

[Event "San Francisco TNM Spring op"]
[Site "San Francisco"]
[Date "2016.04.12"]
[Round "5"]
[White "Menghrajani, Alok"]
[Black "Vickers, Keith"]
[Result "0-1"]
[WhiteElo "1609"]
[BlackElo "2200"]
[PlyCount "78"]
[EventDate "2016.03.15"]
[EventType "swiss"]
[EventRounds "8"]
[EventCountry "USA"]
[SourceTitle "EXT 2018"]
[Source "ChessBase"]
[SourceDate "2017.10.13"]
[SourceVersion "1"]
[SourceVersionDate "2017.10.13"]
[SourceQuality "1"]

1. d4 f5 2. c4 e6 3. Nc3 Nf6 4. Bf4 Bb4 5. a3 Bxc3+ 6. bxc3 c5 7. e3 0-0 8. Bd3 d6 9. Nf3 Nc6 10. 0-0 Qe7 11. Nh4 Ne4 12. Bxe4 fxe4 13. Qh5 cxd4 14. cxd4 e5 15. Bg5 Qe8 16. Qe2 h6 17. Bxh6 gxh6 18. d5 Ne7 19. Qc2 Qh5 20. Qxe4 Qg4 21. f3 Qxe4 22. fxe4 Bd7 23. Rab1 Rxf1+ 24. Kxf1 Rf8+ 25. Ke2 b6 26. h3 Kg7 27. g4 h5 28. Nf5+ Nxf5 29. exf5 hxg4 30. hxg4 Rh8 31. Kf2 Kf6 32. Kg3 Kg5 33. e4 Rh4 34. Rg1 Rxg4+ 35. Kf2 Rxg1 36. Kxg1 Ba4 37. Kf2 Bb3 38. Ke3 Bxc4 39. Kd2 Bxd5 0-1

[Event "San Francisco TNM Summer op"]
[Site "San Francisco"]
[Date "2015.06.30"]
[Round "6"]
[White "Manvelyan, Hovik"]
[Black "Vickers, Keith"]
[Result "1/2-1/2"]
[WhiteElo "2015"]
[BlackElo "2200"]
[PlyCount "105"]
[EventDate "2015.05.26"]
[EventType "swiss"]
[EventRounds "8"]
[EventCountry "USA"]
[SourceTitle "EXT 2016"]
[Source "ChessBase"]
[SourceDate "2015.10.08"]
[SourceVersion "1"]
[SourceVersionDate "2015.10.08"]
[SourceQuality "1"]

1. d4 f5 2. h3 d5 3. Bf4 Nf6 4. e3 e6 5. Nd2 Bd6 6. Ngf3 Bxf4 7. exf4 Qd6 8. g3 c5 9. c3 0-0 10. Bd3 Nc6 11. 0-0 cxd4 12. cxd4 Bd7 13. a3 Ne4 14. Rc1 g5 15. Bxe4 dxe4 16. Nxg5 h6 17. Qh5 Kg7 18. Ngxe4 fxe4 19. Nxe4 Qd5 20. Qg4+ Kf7 21. Rfe1 b6 22. Rcd1 Rg8 23. Qh4 Rg6 24. Nc3 Qf5 25. d5 exd5 26. Rxd5 Qxh3 27. Qxh3 Bxh3 28. f5 Rg7 29. Re6 Ne7 30. Rd7 Kf8 31. Rxh6 Bxf5 32. Rc7 Ng8 33. Rhc6 Re8 34. Kg2 Ree7 35. Rxe7 Rxe7 36. f3 Rd7 37. g4 Bd3 38. Kg3 Ne7 39. Re6 Kf7 40. Rh6 Nd5 41. Rc6 Nxc3 42. Rxc3 Ke6 43. Kf4 Bb5 44. Ke3 Kd6 45. f4 Rc7 46. Rxc7 Kxc7 47. Kd4 Kd6 48. f5 Be2 49. g5 Bg4 50. Ke4 a5 51. Kf4 Bd1 52. g6 Ke7 53. Kg5 1/2-1/2

[Event "San Francisco TNM Winter op"]
[Site "San Francisco"]
[Date "2015.02.10"]
[Round "6"]
[White "Khristoforov, Sergey"]
[Black "Vickers, Keith"]
[Result "1/2-1/2"]
[WhiteElo "1977"]
[BlackElo "2200"]
[PlyCount "81"]
[EventDate "2015.01.06"]
[EventType "swiss"]
[EventRounds "8"]
[EventCountry "USA"]
[SourceTitle "EXT 2016"]
[Source "ChessBase"]
[SourceDate "2015.10.08"]
[SourceVersion "1"]
[SourceVersionDate "2015.10.08"]
[SourceQuality "1"]

1. d4 Nf6 2. c4 d6 3. Nc3 Nbd7 4. e4 e5 5. d5 Be7 6. Nf3 c5 7. Bd3 0-0 8. 0-0 Ne8 9. a3 g6 10. Qc2 Ng7 11. Bh6 Nf6 12. h3 Kh8 13. b4 b6 14. bxc5 bxc5 15. Nd2 Ng8 16. Be3 g5 17. g4 Bf6 18. Ne2 Ne7 19. Ng3 Ng6 20. Rfb1 Nf4 21. Bf1 h5 22. f3 Qc7 23. Nb3 Bd7 24. Nc1 Rab8 25. Nd3 h4 26. Ne2 Be7 27. Nc3 a6 28. Rxb8 Rxb8 29. Rb1 Rb6 30. Rxb6 Qxb6 31. Bc1 Ne8 32. Qb2 Bd8 33. Nxf4 Qxb2 34. Ng6+ Kg7 35. Bxb2 Kxg6 36. Kf2 Ba5 37. Ke3 Nc7 38. Bd3 Na8 39. Bc2 Nb6 40. Kd3 f6 41. Bb3 1/2-1/2